Nghiên cứu khả năng phòng bệnh của lá xuân hoa trên vi khuẩn Aeromonas Spp. và Edwardsiella Spp. gây bệnh ở cá tra : Báo cáo tổng kết đề tài nghiên cứu cấp trường

Mục tiêu của đề tài là đánh giá hiệu quả phòng bệnh của bột lá Xuân Hoa trên vi khuẩn Edwardsiella ictaluri và Aeromonas hydrophila gây bệnh gan thận mủ và đốm đỏ trên cá tra.

Na minha lista:
Detalhes bibliográficos
Autor principal: Huỳnh, Kim Diệu
Formato: Livro
Idioma:Undetermined
Publicado em: Cần Thơ Trường Đại học Cần Thơ 2010
Assuntos:
Tags: Adicionar Tag
Sem tags, seja o primeiro a adicionar uma tag!
Thư viện lưu trữ: Trung tâm Học liệu Trường Đại học Cần Thơ
LEADER 01122nam a2200229Ia 4500
001 CTU_164932
008 210402s9999 xx 000 0 und d
082 |a 639.311 
082 |b D309 
088 |a T2010-27 
100 |a Huỳnh, Kim Diệu 
245 0 |a Nghiên cứu khả năng phòng bệnh của lá xuân hoa trên vi khuẩn Aeromonas Spp. và Edwardsiella Spp. gây bệnh ở cá tra : 
245 0 |b Báo cáo tổng kết đề tài nghiên cứu cấp trường 
245 0 |c Huỳnh Kim Diệu ( Chủ nhiệm đề tài ) 
260 |a Cần Thơ 
260 |b Trường Đại học Cần Thơ 
260 |c 2010 
520 |a Mục tiêu của đề tài là đánh giá hiệu quả phòng bệnh của bột lá Xuân Hoa trên vi khuẩn Edwardsiella ictaluri và Aeromonas hydrophila gây bệnh gan thận mủ và đốm đỏ trên cá tra. 
650 |a Freshwater fishes,Nuôi cá nước ngọt 
904 |i Thoa, Hải 
915 |a NN 
980 |a Trung tâm Học liệu Trường Đại học Cần Thơ